Countries That Produce Most Maize - Statistics

General Stats
  • This quiz has been taken 215 times
    187 since last reset
  • The average score is 14 of 20
Answer Stats
1000 MT Country % Correct
370,960 United States
99%
27,762 Mexico
97%
97,721 Brazil
94%
259,234 China
93%
14,095 Canada
92%
28,720 India
90%
13,235 Russia
89%
49,475 Argentina
88%
14,121 France
82%
27,952 Indonesia
70%
24,668 Ukraine
70%
6,048 Italy
69%
16,820 South Africa
66%
10,420 Nigeria
60%
7,100 Egypt
59%
8,116 Ethiopia
52%
7,914 Philippines
45%
5,939 Tanzania
39%
14,326 Romania
34%
6,811 Hungary
20%
No matching quizzes found
Score Distribution
Percent of People with Each Score
Percentile by Number Answered
Your Score History
You have not taken this quiz since the last reset